LEADER 01091nam a2200277 u 4500 001 000000004633 003 CaOOAMICUS 005 20070226104655.0 008 940514s1962 it u000 u ita u 035 $a10123140 040 $aCU-A$bita 100 1 $aPaoli, Ugo Enrico,$d1884-1963.$0(OLS)http://pul/name/716 245 10$aComici latini e diritto attico. 260 $aMilano :$bGiuffrè,$c1962. 300 $a79 p. ;$c25 cm 490 1 $aQuaderni di "Studi senesi" ;$v8 504 $aBibliographical footnotes. 650 0$aLaw, Greek.$2//eng$0(OLS)http://pul/subject/3970 650 0$aLatin drama (Comedy).$2//eng$0(OLS)http://pul/subject/3974 830 0$aQuaderni di "Studi senesi" ;$v8.$0(OLS)http://pul/title/2887 850 $aPUL 852 $aPUL$W1$xSL Diritto e Scienze Sociali 1$y4$m188 F 68$j6491$nBK-PRI$b $qStampati$B6491$CPULBib$Z2$F6491 $H $81 941 1 $a8 961 $aINV: 66626 996 $6245$aComici latini e diritto attico$9(OLS)http://pul/title/6694 996 $6260$aMilano :$bGiuffrè$9(OLS)http://pul/publisher/48401 LEADER 00832naa a2200193 u 4500 001 000000094466 003 CaOOAMICUS 005 20070226130138.0 008 040426s1979 it u000 u ita u 035 $a10992046 040 $aIAR$bita 100 1 $aLarner, John,$d1930-$0(OLS)http://pul/name/3176 245 13$aIl poter signorile nelle campagne romagnole /$cJohn Larner. 260 $aBologna :$bSocietà editrice il Mulino,$c1979. 300 $aS. 287-300, ;$c21 cm 773 0 $aLa crisi degli ordinamenti comunali e le origini dello stato del rinascimento. 773 0 $tLa crisi degli ordinamenti comunali e le origini dello stato del Rinascimento$w()10982 996 $6245$aIl poter signorile nelle campagne romagnole$9(OLS)http://pul/title/121334 996 $6260$aBologna :$bSocietà editrice il Mulino$9(OLS)http://pul/publisher/53095